| 000 | 00793nmm a2200253 a 4500 | ||
|---|---|---|---|
| 003 | AR-X00000XY | ||
| 005 | 20251128211933.0 | ||
| 008 | 037020s2005 ||||||||||||||000 | spa|| | ||
| 020 | _a950-34-0339-1 | ||
| 040 | _cAR-X00000XY | ||
| 110 | 2 |
_aUniversidad Nacional de La Plata _bBiblioteca Pública |
|
| 245 | 1 | 0 |
_aAventuras del Quijote en la UNLP _b75 joyas de la colección cervantina de la biblioteca pública : catálogo |
| 260 |
_aLa Plata _bUniversidad Nacional de La Plata _c2005 |
||
| 300 | 0 |
_a117 p. _bil. |
|
| 650 | 4 | _aCOLECCIONES DE BIBLIOTECAS | |
| 650 | 4 | _aLITERATURA ESPANOLA | |
| 650 | 4 | _aCATALOGOS | |
| 651 | 4 | _aLa Plata [Buenos Aires] | |
| 653 | 0 | _aNOVELA DE AVENTURAS | |
| 653 | 0 | _aNOVELA DE CABALLERIA | |
| 655 | _aLITERATURA | ||
| 942 | _cBK | ||
| 998 | _cNancy | ||
| 999 |
_c21696 _d21696 |
||